| 000 | 00441nam a2200169Ia 4500 | ||
|---|---|---|---|
| 008 | 240830s2013 xx 000 0 und d | ||
| 041 | _aeng | ||
| 082 | _a613/MAH | ||
| 100 | _aMAHAJAN | ||
| 245 | _aTEXT BOOK OF PREVENTIVE & SOCIAL MEDICINE | ||
| 250 | _a4 | ||
| 260 |
_aNEW DELHI _bJAYPEE BROTHERS _c2013 |
||
| 300 | _a703p | ||
| 650 | _aSWASTHAVRATTA | ||
| 906 | _aTEXT BOOK OF PREVENTIVE & SOCIAL MEDICINE | ||
| 999 |
_c1203238 _d1203238 |
||